| 000 | 00550nam a2200241Ia 4500 | ||
|---|---|---|---|
| 008 | 170203s9999 xx 000 0 und d | ||
| 020 | _a0-439507243 | ||
| 050 | _aFIc | ||
| 050 | _bK84d | ||
| 100 | _aKorman, Gordon. | ||
| 245 | 4 | _aThe danger / | |
| 245 | _cGordon Korman. | ||
| 260 | _aNew York : | ||
| 260 | _bScholastic, | ||
| 260 | _c2003 | ||
| 300 | _a150 pages ; | ||
| 300 | _c20 cm. | ||
| 440 | _aDive, | ||
| 440 | _vbk. 3. | ||
| 650 | _aTreasure troves -- | ||
| 650 | _aTreasure troves. | ||
| 650 | _xJuvenile fiction. | ||
| 999 |
_c306407 _d306407 |
||